Dinámica del mercado laboral postdevaluación. (Registro nro. 28797)
[ vista simple ]
| 000 -LEADER | |
|---|---|
| fixed length control field | 00428 a2200133 4500 |
| 001 - CONTROL NUMBER | |
| control field | ART_24028 |
| 005 - DATE AND TIME OF LATEST TRANSACTION | |
| control field | 20260410161933.0 |
| 008 - FIXED-LENGTH DATA ELEMENTS--GENERAL INFORMATION | |
| fixed length control field | 260409a |
| 100 1# - MAIN ENTRY--PERSONAL NAME | |
| Personal name | Albrieu, Ramiro |
| 245 10 - TITLE STATEMENT | |
| Title | Dinámica del mercado laboral postdevaluación. |
| 700 1# - ADDED ENTRY--PERSONAL NAME | |
| Personal name | Bernat, Gonzalo |
| 700 1# - ADDED ENTRY--PERSONAL NAME | |
| Personal name | Corso, Eduardo Ariel |
| 773 0# - HOST ITEM ENTRY | |
| Title | Revista de Economía Política de Buenos Aires |
| Related parts | - Año 3, Nº 5/6 (nov. 2009) |
| Record control number | REV23982 |
No hay ítems disponibles.